Statistics for Twilight Imperium Heroes

Click here to take the quiz!

General Stats

  • This quiz has been taken 6 times
  • The average score is 8 of 10

Answer Stats

QuestionAnswer% Correct
Which hero belongs to the Embers of Muaat?Adjudicator Ba’al
100%
Which hero belongs to the Naaz-Rokha Alliance?Hesh and Prit
100%
Which hero belongs to the Titans of UlUl the progenitor
100%
Which hero belongs to the Xxcha Kingdom?Xxekir Grom
100%
Which hero belongs to the NomadAhk-Syl Siven
75%
Which hero belongs to the Barony of Letnev?Darktalon Treilla
75%
Which hero belongs to the Ghosts of Creuss?Riftwalker Meian
75%
Which hero belongs to the L1Z1X Mindnet?The Helmsman
75%
Which hero belongs to the Nekro Virus?UNIT.DSGN.FLAYESH
75%
Which hero belongs to the Sardakk N'orr?Sh’val, Harbinger
50%

Score Distribution

Percentile by Number Answered

Percent of People with Each Score

Your Score History

You have not taken this quiz